Monografía y álbum fotográfico y documental del General de División y Comandante en Jefe del Ejército, don Marcial Urrutia Urrutia, fundador de la Academia Politécnica Militar
I tiakina i:
| Kaituhi rangatōpū: | |
|---|---|
| Hōputu: | Pukapuka |
| Reo: | Pāniora |
| I whakaputaina: |
Santiago
Academia Politécnica Militar
2006
|
| Ngā marau: | |
| Ngā Tūtohu: |
Tāpirihia he Tūtohu
Kāore He Tūtohu, Me noho koe te mea tuatahi ki te tūtohu i tēnei pūkete!
|
MARC
| LEADER | 00000nam a2200000 a 4500 | ||
|---|---|---|---|
| 001 | UCH4969 | ||
| 003 | CL-VaPUC | ||
| 008 | 090916e20060000CL |||||||||||||||||spa|d | ||
| 082 | 0 | 4 | |a 923.5 |b EJE |2 21 |
| 110 | 2 | |a Ejército de Chile |e author |9 541066 | |
| 245 | 1 | 0 | |a Monografía y álbum fotográfico y documental del General de División y Comandante en Jefe del Ejército, don Marcial Urrutia Urrutia, fundador de la Academia Politécnica Militar |
| 300 | |a 67 p | ||
| 942 | |c BK | ||
| 945 | |d 20090916 00:00:00 |a rbrito | ||
| 260 | |a Santiago |b Academia Politécnica Militar |c 2006 | ||
| 600 | 0 | 7 | |a URRUTIA URRUTIA, MARCIAL |2 CL-VaPUC |9 541067 |
| 650 | 0 | |a Biografías |9 255210 | |
| 650 | 0 | |a Militares |9 336881 | |
| 651 | 7 | |a CHILE |2 CL-VaPUC |9 541068 | |
| 583 | |a last modification |c 20090916 00:00:00 |k Rodrigo Vera | ||
| 999 | |c 336201 |d 336199 | ||
| 952 | |0 0 |1 0 |4 0 |6 923_500000000000000_EJE_2006 |7 0 |8 X |9 427184 |a FDOBUD |b FDOBUD |d 2019-11-22 |i 4598210 |o 923.5 EJE 2006 |p 4598210 |r 2019-11-22 |w 2019-11-22 |y BK_X |k BUD | ||